Trstínsky občasník

Bibliographic Details
Format: Journal
Language:Slovak
PhysicalDescription:zv. 30 cm
Published: V Trstíne Obecný úrad [2000]-2010
Subjects:
Online Access:www.trstin.sk

MARC

LEADER 00000cas a2200000 a 4500
001 vtls008295810
003 SK-MaSNL
005 20260228155819.0
008 050825d20002010xo x|p 0 b0slo
040 |a SNK  |b slo  |c SNK  |e AACR2 
041 0 |a slo 
043 |a e-xo--- 
044 |a xo  |c SK 
072 7 |a 316.7  |x Sociológia kultúry. Kultúrny život  |2 konspekt 
072 7 |a 352/354  |x Stupne miestnej, oblastnej a ústrednej správy  |2 konspekt 
080 |a 316.728  |2 2011 
080 |a 352  |2 2011 
080 |a (437.612)  |2 2011 
080 |a 050  |2 2001 
080 |a (051)+(054)  |2 2011 
245 0 0 |a Trstínsky občasník 
260 |a V Trstíne  |b Obecný úrad  |c [2000]-2010 
300 |a zv.  |c 30 cm 
310 |a Občasník 
362 0 |a [Č. 1 (2000)]-č. 2 (2010)  |z BA001/2017 
500 |a Popis podľa: R. 2004-2010 
500 |a Registračné č.: A/99/04891/Ma - Okresný úrad Trnava 
500 |a Evidenčné číslo: EV 872/08 
500 |a Zost. sa menia 
500 |a Od r. 2004-2006 podnázov: informačný spravodaj pre občanov Trstína 
500 |a Od r. 2007-2010 podnázov: informačný spravodaj Obce Trstín 
500 |a Pravdepodobne vychádza od r. 2000 
650 0 7 |a spoločenský život  |2 SNKPH  |9 28654 
650 0 7 |a miestna správa  |2 SNKPH  |9 29496 
651 7 |a Trstín (Slovensko)  |2 SNKPHgeo  |9 105581 
655 7 |a miestne periodiká  |2 SNKPH  |9 160938 
752 |a Slovensko  |d Trstín 
856 4 1 |u www.trstin.sk 
910 |a snk 
999 |c 663  |d 663 
952 |0 0  |1 0  |4 0  |7 0  |8 0  |a SNK  |b SNK  |d 2018-10-29  |i snk2018/22377  |l 0  |o snkČSB 6841/2004  |p 17A1329391  |r 2026-02-21 21:58:13  |t č. 1-2  |w 2026-02-21  |y PREZ 
952 |0 0  |1 0  |4 0  |7 0  |8 0  |a SNK  |b SNK  |d 2018-10-29  |i snk2018/22380  |l 0  |o snkČSB 6841/2005  |p 17A1329392  |r 2026-02-21 21:58:13  |t č. 1-3  |w 2026-02-21  |y PREZ 
952 |0 0  |1 0  |4 0  |7 0  |8 0  |a SNK  |b SNK  |d 2018-10-29  |i snk2018/22381  |l 0  |o snkČSB 6841/2006  |p 17A1329393  |r 2026-02-21 21:58:14  |t č. 1-2  |w 2026-02-21  |y PREZ 
952 |0 0  |1 0  |4 0  |7 0  |8 0  |a SNK  |b SNK  |d 2018-10-29  |i snk2018/22382  |l 0  |o snkČSB 6841/2007  |p 17A1329394  |r 2026-02-21 21:58:19  |t č. 1-2  |w 2026-02-21  |y PREZ  |z V č. 2 na tit. str. pri názve je uvedený roč. X. 
952 |0 0  |1 0  |4 0  |7 0  |8 0  |a SNK  |b SNK  |d 2018-10-29  |i snk2018/22385  |l 0  |o snkČSB 6841/2008  |p 17A1329395  |r 2026-02-21 21:58:19  |t len č. 1  |w 2026-02-21  |y PREZ 
952 |0 0  |1 0  |4 0  |7 0  |8 0  |a SNK  |b SNK  |d 2018-10-29  |i snk2018/22389  |l 0  |o snkČSB 6841/2009  |p 17A1329396  |r 2026-02-21 21:58:19  |t č. 1-2  |w 2026-02-21  |y PREZ 
952 |0 0  |1 0  |4 0  |7 0  |8 0  |a SNK  |b SNK  |d 2018-10-29  |i snk2018/22393  |l 0  |o snkČSB 6841/2010  |p 17A1329397  |r 2026-02-21 21:58:19  |t č. 1-2  |w 2026-02-21  |y PREZ